000 00462nam a2200169Ia 4500
008 230718s9999 xx 000 0 und d
020 _a9788130914756
041 _aeng
082 _a658.827
_bKAU
100 _aKaul S.
_9175221
245 _aExperiential Marketing:
_bMyths And Realities
260 _c2010
_bViva Books
300 _a108
365 _cRs.
_b175.00
700 _aKaul S.
_9175221
906 _dO:0140018-Dec-2010B:4588725-Nov-2010
_cGENRL
_b43.75
999 _c326655
_d326655